Search the Library Catalogue
| 000 -LEADER | |
|---|---|
| fixed length control field | 01307nam a2200169Ia 4500 |
| 008 - FIXED-LENGTH DATA ELEMENTS--GENERAL INFORMATION | |
| fixed length control field | 250723s9999 xx 000 0 und d |
| 020 ## - INTERNATIONAL STANDARD BOOK NUMBER | |
| ISBN | 9780521451772 |
| 082 ## - DEWEY DECIMAL CLASSIFICATION NUMBER | |
| Classification number | 947.07 |
| Item number | TAR |
| 100 ## - MAIN ENTRY--AUTHOR NAME | |
| Personal name | Taranovski, Theodore |
| 245 #0 - TITLE STATEMENT | |
| Title | Reform in Modern Russian History |
| 260 ## - PUBLICATION, DISTRIBUTION, ETC. (IMPRINT) | |
| Name of publisher | Cambridge University Press |
| Year of publication | 1995 |
| 300 ## - PHYSICAL DESCRIPTION | |
| Number of Pages | 460 pages |
| 500 ## - GENERAL NOTE | |
| General note | This volume provides a comparative study of the problems and prospects of reform in modern Russian history. Drawn from contributions to a May 1990 conference sponsored by the Kennan Institute for Advanced Russian Studies, the book raises important methodological and historiographic questions regarding the content, scope, and significance of various reform efforts, ranging from the Great Reforms of tsar Alexander II to attempts to salvage the Soviet system undertaken by Khrushchev and Gorbachev. One of the key issues raised is whether various attempts to modernise the political and social system were a series of cyclical failures or demonstrate a pattern of progressive development.Reform in Modern Russian History favours the second mode of interpretation and provides an excellent background for all who want to understand the Gorbachev era and contemporary Russian politics. |
| 650 ## - SUBJECT ADDED ENTRY--TOPICAL TERM | |
| Topical Term | History |
| 942 ## - ADDED ENTRY ELEMENTS (KOHA) | |
| Koha item type | English Books |
| Withdrawn status | Lost status | Damaged status | Not for loan | Home library | Current library | Shelving location | Date acquired | Full call number | Accession Number | Price effective from | Koha item type |
|---|---|---|---|---|---|---|---|---|---|---|---|
| Anna Centenary Library | Anna Centenary Library | 7TH FLOOR, B WING | 23.07.2025 | 947.07 TAR | 241701 | 23.07.2025 | English Books |